What Is It - Geography #2 - Statistics

General Stats
  • This quiz has been taken 86 times
  • The average score is 18 of 25
Answer Stats
Hint Explanation Answer % Correct
Yen Japan Currency
99%
Franc Switzerland and many African countries Currency
95%
Krona Iceland and Sweden Currency
91%
K2 Pakistan and China Mountain
91%
Dinar Many Arab countries and Serbia Currency
88%
Tagalog Philippines Language
88%
Romansh Switzerland Language
88%
Rhine Western Europe River
88%
Gdansk Poland City
86%
Mekong Southeast Asia River
85%
Karachi Pakistan City
83%
Mombasa Kenya City
82%
Vientiane Laos City
81%
Managua Nicaragua City
77%
Uluru Australia (actually a monolith) Mountain
73%
Po Italy River
72%
Chimborazo Ecuador Mountain
63%
Telugu India Language
62%
Denali United States (Alaska) Mountain
62%
Igbo Nigeria Language
59%
Kosciuszko Australia Mountain
55%
Limpopo Southern Africa River
53%
Chattahoochee United States River
44%
Taka Bangladesh Currency
37%
Tok Pisin Papua New Guinea Language
27%
No matching quizzes found
Score Distribution
Percent of People with Each Score
Percentile by Number Answered
Your Score History
You have not taken this quiz